|
|
|
|
| LEADER |
00000cam a2200000 7i4500 |
| 001 |
0000003208 |
| 002 |
000003465 |
| 005 |
20000330.0 |
| 020 |
|
|
|a 9679940543
|
| 090 |
0 |
0 |
|a 331.4809595
|b FRO
|
| 245 |
0 |
0 |
|a From Kampung to Urban factories :
|b finding from the HAWA study
|c coordinated and edited by Jamilah Ariffin foreword by Ungku Aziz
|
| 260 |
|
|
|a Kuala Lumpur :
|b Department of Publications University Press/ University of Malaya ,
|c 1994
|
| 300 |
|
|
|a 180p. ;
|c 20cm.
|
| 650 |
0 |
0 |
|a Women
|x Employment
|z Malaysia
|
| 700 |
0 |
|
|a Jamilah Ariffin
|
| 700 |
0 |
|
|a Ungku Abdul Aziz
|
| 999 |
|
|
|a 036809
|b BUKU
|c MALAYSIANA
|e PERPUSTAKAAN KOMUNITI PETALING JAYA
|